Score 0/44 Timer 05:00
0 Plays Today
Hint Word % Correct
ChoosePICK
96.3%
Prepare to travelPACK
96.2%
Walking speedPACE
94%
Traditional Scottish dressKILT
90.9%
Kitchen flooring unitTILE
90.3%
Fancy food shopDELI
90.3%
Artist SalvadorDALI
90.2%
Grimm storyTALE
90.2%
DiscountSALE
90%
Four years, for a presidentTERM
89.6%
Cylindrical farm buildingSILO
89.1%
Window ledgeSILL
88.8%
Cash drawerTILL
88.5%
Eye liquidTEAR
88.4%
Sports unitTEAM
88.1%
Long heroic storySAGA
88%
Wise herb?SAGE
87.8%
Shrivel, like a flowerWILT
87.5%
103KILO
87.3%
Juicy fruitPEAR
87.2%
Gaming companySEGA
86.7%
Pop LadyGAGA
85.4%
Hint Word % Correct
Mark from a whipWELT
85.2%
One of equal rankPEER
85%
2016 presidential sloganMAGA
84%
Seaside structurePIER
83.8%
Pastry dishesPIES
82.4%
106MEGA
82.3%
Top of the head; Meat spreadPATE
82.1%
Oil drilling platformsRIGS
81%
They can be found in blanketsPIGS
79.1%
109GIGA
78.5%
Baltic capitalRIGA
78.5%
Shoulder muscle, for shortDELT
76.1%
Defense organisationNATO
72.1%
Don Diego __ __ Vega, aka ZorroDE LA
71.7%
Rapper ____ DoggNATE
69.8%
1012TERA
68.2%
10-1DECI
64.8%
101DECA
63.7%
10-9NANO
60.4%
Soccer players Alves or CarvajalDANI
58%
10-12PICO
56.4%
'Little Miss Sunshine' actor PaulDANO
54.8%

Today's Daily Dose

Missing Word
Lizzo Songs

Get the Picture
The Longest Rivers

Remove Ads.
Support Sporcle.
Get the best of Sporcle when you Go Orange. This ad-free experience offers more features, more stats, and more fun while also helping to support Sporcle. Thank you for becoming a member.

You're not logged in!

Compare scores with friends on all Sporcle quizzes.
OR
Log In

Show Comments

Extras

Top Quizzes Today


Score Distribution

Your Account Isn't Verified!

In order to create a playlist on Sporcle, you need to verify the email address you used during registration. Go to your Sporcle Settings to finish the process.

Report this User

Report this user for behavior that violates our Community Guidelines.

Details: